载入...

Ende nadakasmaranakal /

书目详细资料
主要作者: Antony,P.J
格式: Printed Book
语言:Malayalam
出版: Prabhathi Book house, 1967.
LEADER 00416nam a2200109Ia 4500
008 111205s9999 xx 000 0 mal d
100 |a Antony,P.J. 
245 |a Ende nadakasmaranakal /  |c Antony,P.J. 
260 |b Prabhathi Book house,  |c 1967. 
942 |c BK 
999 |c 219519  |d 219519 
952 |0 0  |1 0  |2 ddc  |4 0  |6 850_000000000000000_92A_ENT  |7 0  |9 242501  |a MAL  |b MAL  |c ST1  |d 2011-12-05  |g 3.00  |l 0  |o 850.92A ENT  |p MAL3170  |r 2011-12-05  |v 3.00  |w 2011-12-05  |y BK